Wikidot backrooms level?--Sudden death - Statistics

General Stats
  • This quiz has been taken 48 times
  • The average score is 3 of 16
Answers on the Grid
Answers color-coded by a green-red scale on the quiz's grid according to % correct below.
Road Rage
Under Construction
Saturn V
Halls of Chalk
Concrete Terraces
LEVEL_TEMPLATE
Kepler's Fortress
Sea of Bones
π•Ώπ–π–Š π•½π–Šπ–‰π–‘π–†π–“π–‰π–˜
Self-Automated Trade
Chinatown Mall
Cat and Mouse
Calm Cacophony
Colorless Torture
The Rotting Folk
The Worst in Us
On big island live only one cow
Luminous Cave
The Coconut Isles
Lengo City
The new, and improved, Entertainland!
Orange Offices LLC
Now Back To Your Regularly Scheduled Programming!
New Year's Eve
Where we used to have fun
Closing Hours
Summer Blahs
Your Dream Shall Never Dawn Again
ONSLAUGHT STATION
The Backrooms Robotics Headquarters
 
Answer Stats
Answer % Correct
π•Ώπ–π–Š π•½π–Šπ–‰π–‘π–†π–“π–‰π–˜
38%
LEVEL_TEMPLATE
33%
On big island live only one cow
29%
Sea of Bones
25%
The Coconut Isles
21%
The new, and improved, Entertainland!
21%
Road Rage
17%
Saturn V
13%
Self-Automated Trade
13%
The Backrooms Robotics Headquarters
13%
Your Dream Shall Never Dawn Again
13%
The Rotting Folk
8%
Halls of Chalk
4%
ONSLAUGHT STATION
4%
The Worst in Us
0%
Where we used to have fun
0%
No matching quizzes found
Score Distribution
Percent of People with Each Score
Percentile by Number Answered
Your Score History
You have not taken this quiz